Aquatic mammals
| Autores Corporativos: | , , |
|---|---|
| Formato: | Electrónico Revista |
| Lenguaje: | inglés francés alemán |
| Publicado: |
London :
European Association for Aquatic Mammals
|
| Materias: | |
| Acceso en línea: | Full text available from Research Library: 01/01/2005 to present |
MARC
| LEADER | 00000nas a22000001a 4500 | ||
|---|---|---|---|
| 001 | ssj0026559 | ||
| 003 | WaSeSS | ||
| 005 | 20200512172242.0 | ||
| 006 | m d | ||
| 007 | cr n | ||
| 008 | 040513c19729999enkbr p s 0 0eng c | ||
| 010 | |a 2004236565 | ||
| 022 | |a 1996-7292 |l 0167-5427 |y 0167-5427 | ||
| 035 | |a (WaSeSS)ssj0026559 | ||
| 040 | |a HUL |b eng |c HUL |d LGG |d WAU |d OCLCQ |d OCLCF |d VT2 |d OCLCQ |d CUY |d WaSeSS | ||
| 041 | 0 | |a eng |a fre |a ger | |
| 042 | |a msc | ||
| 050 | 4 | |a QL713 |b .A6 | |
| 210 | 1 | |a Aquat. mamm. |b (Online) | |
| 222 | 0 | |a Aquatic mammals |b (Online) | |
| 245 | 0 | 0 | |a Aquatic mammals |h [electronic resource]. |
| 260 | |a London : |b European Association for Aquatic Mammals | ||
| 310 | |a 6 no. a year, |b 2017- | ||
| 321 | |a Three no. a year, |b 1972-1974 | ||
| 321 | |a 2 no. a year, |b 1975- | ||
| 321 | |a 3 no. a year, |b spring 1985-2004 | ||
| 321 | |a 4 no. a year, |b 2005-2016 | ||
| 362 | 1 | |a Print began with v. 1 in Jan. 1972. | |
| 500 | |a "Papers dealing with catching, transport, husbandry, medical care, conservation, and original investigations in aquatic mammals." | ||
| 506 | |a License restrictions may limit access. | ||
| 515 | |a No numbers were published and dated in 1984. | ||
| 538 | |a Mode of access: World Wide Web. | ||
| 546 | |a English, with some articles in French or German. | ||
| 550 | |a Issued by: Dolfinarium Harderwijk, 1972-1974; by Netherlands Foundation for Aquatic Mammal Research, 1978-1984; and by European Association for Aquatic Mammals, 1985- | ||
| 588 | |a Description based on print version record. | ||
| 588 | |a Latest issue consulted: Volume 43, issue 6 (2017) (publisher's website, viewed December 5, 2017). | ||
| 650 | 0 | |a Aquatic mammals |v Periodicals. | |
| 650 | 0 | |a Dolphins |v Periodicals. | |
| 650 | 7 | |a Aquatic mammals. |2 fast |0 (OCoLC)fst00812042 | |
| 650 | 7 | |a Dolphins. |2 fast |0 (OCoLC)fst00896501 | |
| 655 | 0 | |a Electronic journals. | |
| 710 | 2 | |a Dolfinarium Harderwijk. | |
| 710 | 2 | |a Netherlands Foundation for Aquatic Mammal Research. | |
| 710 | 2 | |a European Association for Aquatic Mammals. | |
| 776 | 0 | 8 | |i Print version: |t Aquatic mammals |x 0167-5427 |w (DLC)sn 84012780 |w (OCoLC)1624502 |
| 856 | 4 | 0 | |z Full text available from Research Library: 01/01/2005 to present |u https://search.proquest.com/publication/38594 |